000 00960nac a22002777a 4500
001 BR0002012
003 BR-BrBNA
005 20240105122357.0
008 230509b bl.|||m| |||| 00| 0 por d
040 _aBR-BrBNA
_bpor
_cBiblioteca Nacional de Agricultura
072 _aF30
090 _a2322 BR0002012
100 1 _aBarros, L.S. de
100 1 _aOliveira, M.N. de
110 1 _aCentro de Pesquisa Agroflorestal do Acre, Rio Branco (Brasil)
245 1 _aAvaliacao da variabilidade genetica em populacoes naturais de pimenta longa (Piper hispidinervum)no Estado do Acre
260 3 _aRio Branco, AC (Brasil):
_c1997.
300 _a2 p.
490 _aPesquisa em Andamento - Centro de Pesquisa Agroflorestal do Acre (Brazil)
_vno. 114
_xISSN 0101-6075
650 _aPimenta Longa
650 _aVariacao Genetica
650 _aPopulacao de Planta
650 _aAcre
909 _a202312
_bLúcia Elande
_c55
_dLúcia Elande
942 _2AGRIS
_n0
_cMS
999 _c290711
_d290711